Who was Jim Henson? / (Record no. 4240)

MARC details
000 -LEADER
fixed length control field 01409cam a2200325 a 4500
001 - CONTROL NUMBER
control field 4240
003 - CONTROL NUMBER IDENTIFIER
control field FISKH
005 - DATE AND TIME OF LATEST TRANSACTION
control field 20240708085211.0
008 - FIXED-LENGTH DATA ELEMENTS--GENERAL INFORMATION
fixed length control field 091019s2010 nyua j b 001 0beng
010 ## - LIBRARY OF CONGRESS CONTROL NUMBER
LC control number 2009044186
020 ## - INTERNATIONAL STANDARD BOOK NUMBER
International Standard Book Number 9780448454061 (pbk.)
040 ## - CATALOGING SOURCE
Original cataloging agency DLC
Transcribing agency DLC
Modifying agency DLC
050 ## - LIBRARY OF CONGRESS CALL NUMBER
Classification number PN1982.H46
082 ## - DEWEY DECIMAL CLASSIFICATION NUMBER
Classification number 791.5
100 1# - MAIN ENTRY--PERSONAL NAME
Personal name Holub, Joan.
245 10 - TITLE STATEMENT
Title Who was Jim Henson? /
Statement of responsibility, etc. by Joan Holub ; Illustrated by Nancy Harrison.
260 ## - PUBLICATION, DISTRIBUTION, ETC.
Place of publication, distribution, etc. New York :
Name of publisher, distributor, etc. Grosset & Dunlap,
Date of publication, distribution, etc. 2010.
300 ## - PHYSICAL DESCRIPTION
Extent 106 pages :
Other physical details illustrations ;
Dimensions 21 cm.
504 ## - BIBLIOGRAPHY, ETC. NOTE
Bibliography, etc. note Includes bibliographical references (p.104-105) .
505 0# - FORMATTED CONTENTS NOTE
Formatted contents note Who was Jim Henson? -- Growing up -- The first muppets -- More muppeteers -- The big time -- Sesame Street -- The Muppet Show -- Muppets in the movies -- A different kind of movie -- Always something new -- Good-bye too soon.
520 ## - SUMMARY, ETC.
Summary, etc. Highlights the life and accomplishments of the famous puppeteer and creator of the Muppets.
600 10 - SUBJECT ADDED ENTRY--PERSONAL NAME
Personal name Henson, Jim
Form subdivision Juvenile literature.
630 00 - SUBJECT ADDED ENTRY--UNIFORM TITLE
Uniform title Muppet show (Television program)
Form subdivision Juvenile literature.
650 #0 - SUBJECT ADDED ENTRY--TOPICAL TERM
Topical term or geographic name entry element Puppeteers
Geographic subdivision United States
Form subdivision Biography
-- Juvenile literature.
650 #0 - SUBJECT ADDED ENTRY--TOPICAL TERM
Topical term or geographic name entry element Television producers and directors
Geographic subdivision United States
Form subdivision Biography
-- Juvenile literature.
700 1# - ADDED ENTRY--PERSONAL NAME
Personal name Harrison, Nancy,
Dates associated with a name 1963-
Relator term illustrator
906 ## - LOCAL DATA ELEMENT F, LDF (RLIN)
a 7
b cbc
c orignew
d 1
e ecip
f 20
g y-gencatlg
942 ## - ADDED ENTRY ELEMENTS (KOHA)
Source of classification or shelving scheme Dewey Decimal Classification
Koha item type Books
Suppress in OPAC No
Holdings
Withdrawn status Lost status Source of classification or shelving scheme Damaged status Not for loan Collection Home library Current library Shelving location Date acquired Total Checkouts Full call number Barcode Date last seen Price effective from Koha item type
    Dewey Decimal Classification     Non-Fiction Footprints International School Library Network Toul Kork Campus Footprints International School Library Network Toul Kork Campus A TK Campus, 4th Floor, Room B401, Non-Fiction Bookcases(7-8) 07/08/2024   HOL 791.5 PN1982.H46 2024-0913 07/08/2024 07/08/2024 Books